| 000 | 00508nam a2200157 a 4500 | ||
|---|---|---|---|
| 001 | 000032058 | ||
| 005 | 20200930063408.0 | ||
| 008 | 110712s1980 dr a 000 0 spa d | ||
| 040 |
_aDO-SdBNP _bspa _cBNPHU |
||
| 082 |
_axxxx _bF118n |
||
| 100 | 1 |
_aFabián, Candelario _958183 |
|
| 245 | 1 | 3 |
_aEl nuevo sistema de distribución de correspondencia. / _cCandelario Fabián. |
| 260 |
_a[Santo Domingo] : _bCorreo General de la República Dominicana, _c1980. |
||
| 300 |
_a[12 p.] : _bil. ; _c22 cm. |
||
| 049 | _aBNPD | ||
| 999 |
_c31549 _d31549 |
||